<?xml version="1.0" encoding="UTF-8"?>
<record
    xmlns:xsi="http://www.w3.org/2001/XMLSchema-instance"
    xsi:schemaLocation="http://www.loc.gov/MARC21/slim http://www.loc.gov/standards/marcxml/schema/MARC21slim.xsd"
    xmlns="http://www.loc.gov/MARC21/slim">

  <leader>00859cam a22002411  4500</leader>
  <controlfield tag="001">he 68003439 </controlfield>
  <controlfield tag="003">DLC</controlfield>
  <controlfield tag="005">20260227111505.0</controlfield>
  <controlfield tag="008">960729s1967    is       c    000 0 hebr </controlfield>
  <datafield tag="010" ind1=" " ind2=" ">
    <subfield code="a">he 68003439 </subfield>
  </datafield>
  <datafield tag="025" ind1=" " ind2=" ">
    <subfield code="a">PL480:Is-7679</subfield>
  </datafield>
  <datafield tag="035" ind1=" " ind2=" ">
    <subfield code="a">(OCoLC)35157684</subfield>
  </datafield>
  <datafield tag="040" ind1=" " ind2=" ">
    <subfield code="a">DLC</subfield>
    <subfield code="c">CLU</subfield>
    <subfield code="d">CLU</subfield>
    <subfield code="d">DLC</subfield>
  </datafield>
  <datafield tag="050" ind1="0" ind2="0">
    <subfield code="a">DS109.3</subfield>
    <subfield code="b">.M6</subfield>
  </datafield>
  <datafield tag="110" ind1="1" ind2=" ">
    <subfield code="a">Mo&#x2BB;atsah ha-datit, Ramat-Gan.</subfield>
  </datafield>
  <datafield tag="245" ind1="0" ind2="0">
    <subfield code="a">Reshimat ha-mutsagim be-ta&#x2BB;arukhat ha-kotel ha-ma&#x2BB;aravi,</subfield>
    <subfield code="b">leregel &#x1E25;agigat &#x1E25;anukat hasifriya hatoranit ufti&#x1E25;ata latsibur ..</subfield>
    <subfield code="c">&#x2BB;Arukha be&#x1E25;ofza &#x2BB;al yede Me&#x2BC;ir &#x1E7E;ender.</subfield>
  </datafield>
  <datafield tag="260" ind1=" " ind2=" ">
    <subfield code="a">[Ramat-Gan]</subfield>
    <subfield code="b">hamo&#x2BB;atsa hadatit, Ramat-Gan</subfield>
    <subfield code="c">[1967]</subfield>
  </datafield>
  <datafield tag="300" ind1=" " ind2=" ">
    <subfield code="a">8 l.</subfield>
    <subfield code="c">21 cm.</subfield>
  </datafield>
  <datafield tag="500" ind1=" " ind2=" ">
    <subfield code="a">Cover title.</subfield>
  </datafield>
  <datafield tag="500" ind1=" " ind2=" ">
    <subfield code="a">Catalog of an exhibition opening on Dec. 5, 1967.</subfield>
  </datafield>
  <datafield tag="650" ind1=" " ind2="0">
    <subfield code="a">Western Wall (Jerusalem)</subfield>
    <subfield code="x">Exhibitions.</subfield>
  </datafield>
  <datafield tag="700" ind1="1" ind2=" ">
    <subfield code="a">&#x1E7E;under, Me&#x2BC;ir,</subfield>
    <subfield code="e">ed.</subfield>
  </datafield>
  <datafield tag="999" ind1=" " ind2=" ">
    <subfield code="c">33879</subfield>
    <subfield code="d">33879</subfield>
  </datafield>
</record>
